Three Real One Fake - Cities - Statistics

General Stats
  • This quiz has been taken 30,793 times
  • The average score is 9 of 15
Answer Stats
Question Answer % Correct
Italy Arno
73%
France Piscine
73%
Spain Gitega
70%
United Kingdom Strwth
69%
Morocco Souk
67%
South Africa Randstad
66%
China Sichuan
65%
India Vindaloo
63%
Brazil Cristo Redentor
61%
Germany Hofbräu
59%
Mexico Zapatista
54%
Canada Ice Harbor
53%
Russia Potemkin
53%
Turkey Tank
50%
Australia Billabong
45%
No matching quizzes found
Score Distribution
Percent of People with Each Score
Percentile by Number Answered
Your Score History
You have not taken this quiz